[Event "Olympiad-31"]
[Site "Moscow"]
[Date "1994.12.05"]
[Round "5.3"]
[White "Romanishin, Oleg M"]
[Black "Anastasian, Ashot"]
[Result "1/2-1/2"]
[WhiteElo "2605"]
[BlackElo "2540"]
[Annotator "Shipov,S"]
[PlyCount "118"]
[EventDate "1994.12.01"]
[EventType "team-swiss"]
[EventRounds "14"]
[EventCountry "RUS"]
[SourceTitle "CBM 045"]
[Source "ChessBase"]
[SourceDate "1995.04.01"]
[SourceVersion "1"]
[SourceVersionDate "1995.04.01"]
[SourceQuality "1"]
[WhiteTeam "Ukraine"]
[BlackTeam "Armenia"]
[WhiteTeamCountry "UKR"]
[BlackTeamCountry "ARM"]

1. d4 {Hecht Stohl} Nf6 2. Nf3 e6 3. g3 b5 4. Bg2 Bb7 5. O-O (5. Bg5 $5 {Stohl}
Be7 (5... h6 6. Bxf6 Qxf6 7. O-O a6 8. Nbd2 g5 9. e4 Bg7 10. c3 Qe7 11. Qe2 d6
12. a4 b4 13. a5 $1 O-O 14. h4 gxh4 15. Nxh4 c5 16. d5 $1 bxc3 17. bxc3 Nd7 18.
Rab1 Rab8 19. Nc4 $40 {׻,Romanishin,O-Garcia Palermo,C/Reggio Emilia/1994/})
6. O-O d5 7. c3 Nbd7 8. a4 a6 9. Nbd2 O-O 10. axb5 axb5 11. Qb3 c6 12. c4 dxc4
13. Nxc4 h6 14. Bd2 Ne4 15. Ba5 Qb8 16. Nce5 Ndf6 17. Ng6 $5 fxg6 18. Qxe6+ Rf7
19. Ne5 Ng5 20. Qb3 c5 21. Nxf7 Nxf7 22. Bc7 Qxc7 23. Rxa8+ Bxa8 24. Bxa8 Qd8
25. Bc6 c4 26. Qxb5 {1/2:1/2,Hansen,Cu-Lautier,J/Wijk/1991/}) 5... c5 6. Na3 (
6. c3) 6... a6 (6... b4 7. Nc4 d5 8. Nce5 $14) (6... Qb6 7. dxc5 $1 (7. c4 b4
8. Nc2 (8. Nb5 $5 a6 9. dxc5 Bxc5 10. Nbd4 O-O 11. Nb3 Be7 12. Be3 Qc7 13. Rc1
Rc8 14. Bf4 Qd8 15. Bd6 $14 {Dorfman,J-Arnason,J/Reykjavik/1993/}) 8... cxd4 9.
Ncxd4 Na6 10. Nb3 Be7 11. Be3 Qc7 12. Rc1 d6 13. Bh3 O-O 14. Nfd4 Nc5 $10 {
Speelman,J-Hjartatson,J/New York/1994/}) 7... Bxc5 8. b4 $1 Bxb4 (8... Be7 9.
Be3 $36) 9. Rb1 Nc6 10. c3 Bxa3 11. Bxa3 Na5 12. Ne5 $1 Bxg2 13. Kxg2 Rc8 14.
Qd4 Nc6 15. Qd6 $40 {Romanishin,O-Stangl,M/Altensteig/1992/}) 7. c4 cxd4 (7...
b4 8. Nc2 cxd4 (8... Be4 $5 {Stohl} 9. Be3 Qb6 10. Qd2 Nc6 11. Rac1 Be7 12.
dxc5 Bxc5 13. Bxc5 Qxc5 14. Ncd4 O-O 15. Rfd1 Rfc8 16. b3 Nxd4 17. Qxd4 Bxf3
18. Bxf3 Qxd4 19. Rxd4 Ra7 20. Ra1 a5 21. a3 Rb8 22. c5 bxa3 23. Rxa3 Kf8 $10 {
Davies,N-Rotshtein,A/Groningen op/1992/}) 9. Nfxd4 Bxg2 10. Kxg2 Qc7 11. Qd3
Nc6 12. Qf3 Rc8 13. Nxc6 Qxc6 14. Qxc6 Rxc6 15. b3 d5 16. Ne3 dxc4 17. Nxc4 Be7
$10 {Romanishin,O-Andersson,U/POL/1993/}) (7... bxc4 {Stohl} 8. Nxc4 cxd4 9.
Bf4 $1 $36) 8. cxb5 (8. Nxd4 $6 {Stohl} Bxg2 9. Kxg2 Bxa3 10. bxa3 bxc4 $17) (
8. Qxd4 {Stohl} Nc6 $10) 8... Bxa3 (8... axb5 {Stohl} 9. Nxb5 $16) 9. bxa6 {N/}
(9. bxa3 axb5 10. Nxd4 Bxg2 11. Kxg2 O-O (11... Qb6 12. Qd3) 12. Nxb5 d5 13.
Be3 $14 {Stefanopoulos,O-Stalkotas,N/Athens/1993/} (13. Be3 {Stohl} Qd7 14. a4
Rc8 15. Rc1 Rxc1 16. Bxc1 Nc6 17. Bb2 Ne4 18. Qc2 f6 19. f3 Nd6 20. Nxd6 Qxd6
21. Rd1 $14 {Stefanopoulus,O-Skalkotas,N/Athens op/1993/})) 9... Rxa6 (9...
Bxf3 $5 10. Bxf3 d5 11. bxa3 e5 $13) 10. bxa3 Bxf3 $5 (10... O-O 11. Qxd4 $14)
11. Bxf3 Nc6 12. Qd3 (12. Bb2 {Stohl} e5 {[+]}) 12... Qa8 (12... Ra4 13. Bb2
O-O $13) (12... Ra7 {Stohl} 13. Bb2 e5 14. e3 d5 $5 15. exd4 e4 16. Qb5 $14)
13. Bxc6 Qxc6 14. Qxd4 Ra4 15. Qd3 O-O 16. Rb1 Rfa8 17. Rb3 (17. f3 {Stohl} d5
{/\Nd7-e5-c4}) 17... Ne4 18. Be3 $14 d5 19. Rfb1 Qe8 20. f3 Nf6 (20... Nd6 $5)
(20... Nd6 $6 {Stohl} 21. Bf4 e5 22. Qxd5 $16) 21. Qc3 (21. Bg5 $5 {Stohl} Nd7
$13) 21... e5 $1 22. Bg5 d4 23. Qc5 Nd7 24. Qc7 h6 (24... Rxa3 25. Rxa3 Rxa3
26. Qxd7 $18) 25. Bd2 Rc8 (25... Rxa3 26. Rxa3 Rxa3 27. Rb7 (27. Rb2 {Stohl}
Ra8 $10) 27... Rxa2 $1 28. Be1 (28. Bb4 Rb2 29. Qd6 Kh7 $1 $8) 28... Rxe2) 26.
Qd6 Rd8 (26... Rc2 $6 27. Rb8 $2 (27. R1b2 $1 $16) 27... Nxb8 28. Rxb8 Rc8) 27.
Rb7 Raa8 28. Bb4 (28. Qb4 $5 $14 {Stohl /\a4-a5}) 28... Nf6 29. Qe7 (29. Qc5 {
Stohl} Rac8 $132) 29... Nd5 $1 30. Qxe8+ Rxe8 31. Rd7 Nb6 (31... Nxb4 32. axb4
(32. Rxb4 {Stohl} Rxa3 33. Rbb7 Rf8 34. Rb2 (34. Re7 Rxa2 35. Rxe5 d3 $1 $10 {
/\} 36. exd3 Rc8 $36) 34... Rfa8 $10) 32... Rxa2 33. Kf1 (33. b5 Rxe2 34. b6
Rb8 35. Rc7 (35. b7 Rc2 36. Ra1 Rb2 37. Ra8 R2xb7) 35... d3 $1 36. b7 Rc2 $15)
33... Rc8 $1 34. b5 Rcc2 35. b6 Rxe2 36. b7 Rf2+ $10) 32. Re7 Rxe7 33. Bxe7 Nd5
34. Bd6 Nc3 35. Rb8+ $1 (35. Rb2 {Stohl} f6 {/\Kf7-e6[+]}) 35... Rxb8 36. Bxb8
f6 $8 (36... Nxe2+ $2 {Stohl} 37. Kf1 Nc3 38. Bxe5 $18) 37. Kf1 Kf7 $1 (37...
Nxa2 38. a4 $16) 38. Bd6 (38. f4 Ke6 $1 39. g4 $5) 38... h5 39. Bb4 Nxa2 (39...
Ke6 40. Bxc3 $18) 40. Bd2 (40. Ke1 Nxb4 $1 41. axb4 Ke6 42. Kd2 Kd5 43. Kd3 f5
$17) 40... Ke6 41. Ke1 (41. a4 {Stohl} Kd5 42. a5 Kc6 43. Ke1 Kb5 44. Kd1 Nc3+
45. Bxc3 dxc3 46. Kc2 Kxa5 47. Kxc3 Kb5 48. Kd3 Kc5 49. Ke4 g6 $10) 41... Kd5
42. Kd1 Kc4 43. Kc2 g5 44. h3 (44. h4 gxh4 45. gxh4 f5 $1 $13) (44. Kb2 {Stohl}
Nc3 45. Bxc3 dxc3+ 46. Kc2 g4 $10) 44... f5 $8 (44... h4 45. g4 Nc3 46. Bxc3
dxc3 47. e3 $18) 45. g4 (45. Bxg5 Nc3 $132 (45... Nc3 {Stohl} 46. Kd2 (46. e3
$2 {Hecht} d3+ $17) (46. g4 $2 {Hecht} fxg4 47. fxg4 hxg4 48. hxg4 Nxe2 49. Bd2
e4 50. a4 e3 51. a5 d3+ 52. Kd1 Nc3+ 53. Ke1 (53. Bxc3 Kxc3 54. a6 d2 55. a7
Kd3 56. a8=Q e2#) 53... exd2+ 54. Kxd2 Ne4+ 55. Kd1 Kc3 56. a6 Nf2+ $19) 46...
Nb1+ $10) 46. Be7) 45... hxg4 46. hxg4 f4 $1 (46... fxg4 47. fxg4 e4 48. Kb2
Nc3 (48... e3 49. Bxe3) 49. Bxc3 dxc3+ 50. Kc2 e3 51. a4 Kb4 52. a5 $18) 47.
Be1 (47. Kb2 d3 $1 (47... Nc3 48. Bxc3 dxc3+ 49. Kc2 $18 (49. Kc2 {Stohl} Kd4
50. a4 Kc4 51. a5 Kb5 52. Kxc3 Kxa5 53. Kd3 Kb4 $10 {-47.Be1})) 48. e4 fxe3 49.
Bxe3 Nc3 50. Bxg5 $16) 47... Nc3 48. Bxc3 dxc3 49. a4 $14 {Hecht: Der
'entfernte Freibauer' a4 reicht knapp nicht zum Gewinn.} Kb4 50. a5 Kxa5 51.
Kxc3 Kb5 52. Kd3 Kb4 $1 $10 (52... Kc5 53. Ke4 Kd6 54. Kf5 $18) 53. e3 (53. Ke4
Kc3 (53... Kc3 {Stohl} 54. Kxe5 Kd2 55. Kf5 Kxe2 56. Kxg5 Kxf3 57. Kh5 $8 Ke3 (
57... Ke4 {Hecht} 58. g5 f3 59. g6 f2 60. g7 f1=Q 61. g8=Q Qh3+ 62. Kg6 $10)
58. g5 $10)) 53... Kb3 (53... fxe3 $2 {Stohl} 54. Kxe3 Kc5 55. Ke4 $18) 54.
exf4 exf4 55. Ke4 Kc3 56. Kf5 Kd3 57. Kxg5 Ke3 58. Kh4 Kxf3 59. g5 Ke2 (59...
Ke2 {Stohl} 60. g6 f3 61. g7 f2 62. g8=Q f1=Q $10) 1/2-1/2

[Event "Lloyds Bank op 17th"]
[Site "London"]
[Date "1993.??.??"]
[Round "6"]
[White "Speelman, Jonathan S"]
[Black "Obukhov, Alexander"]
[Result "1-0"]
[WhiteElo "2605"]
[BlackElo "2490"]
[Annotator "Speelman,J"]
[PlyCount "125"]
[EventDate "1993.08.??"]
[EventType "swiss"]
[EventRounds "10"]
[EventCountry "ENG"]
[SourceTitle "CBM 038"]
[Source "ChessBase"]
[SourceDate "1994.02.01"]
[SourceVersion "1"]
[SourceVersionDate "1994.02.01"]
[SourceQuality "1"]

1. d4 Nf6 2. Nf3 e6 3. g3 b5 4. Bg2 Bb7 5. O-O Be7 $6 (5... c5) (5... h6 $5) 6.
Bg5 O-O $6 7. Qd3 $1 a6 (7... d5 8. Nbd2 (8. Qxb5 $5 Ba6 9. Qa4 Bxe2 10. Re1
Bxf3 (10... Ba6) 11. Bxf3 Nbd7 $14) 8... a6 9. Bxf6 Bxf6 (9... gxf6 10. e4 $14)
10. Nb3 Nd7 11. Na5 $1) 8. Nbd2 d6 (8... d5 9. Bxf6) 9. a4 $1 b4 10. Bxf6 Bxf6
11. Ng5 Bxg5 12. Bxb7 Ra7 13. Bg2 $14 {xb4,a6 diagonal g2-a8} Bxd2 $5 14. Qxd2
a5 15. c3 Na6 (15... bxc3 16. bxc3 (16. Qxc3 $5)) 16. Bc6 bxc3 $5 17. bxc3 Nb8
18. Bf3 (18. Bg2) 18... c6 19. Rfb1 Qc7 20. Rb2 Nd7 21. Rab1 h6 (21... Rb8 $2
22. Bxc6 $1 Rxb2 23. Qxb2 Qxc6 24. Qb8+) 22. e3 Rb8 23. Rxb8+ Nxb8 24. Qb2 Nd7
25. c4 $14 Kf8 26. Kg2 Kg8 (26... Ra6 $2 27. Qb7 Qxb7 28. Rxb7 Ke7 29. Rc7 $1
d5 30. cxd5 cxd5 31. Be2 Rd6 32. Bb5 $18) (26... Ke7 27. d5 $5) 27. h4 Kf8 28.
Qc3 $5 Ra8 29. c5 d5 (29... dxc5 30. dxc5 Rb8 31. Rd1 $1 Ne5 32. Rd6 Nxf3 33.
Kxf3 Rb4 34. Qd3 Ke7 35. Qh7 $5 (35. Qd1 $5)) 30. e4 Rb8 31. Rxb8+ Nxb8 32. Qd3
(32. exd5 cxd5 $1) 32... Nd7 33. e5 Qb8 34. Qc3 (34. Qh7 $2 Qb4 35. Qh8+ Ke7
36. Qxg7 Qxd4 37. Bh5 Nxe5 38. f4 Qe4+) 34... Qc7 {Time trouble} (34... Qb4 35.
Qxb4 axb4 36. a5 $5 Nb8 (36... b3 37. a6 b2 38. a7 b1=Q 39. a8=Q+ Nb8 40. Qa7
$16) 37. Be2 $5 (37. Bd1) 37... b3 38. a6 b2 39. a7 b1=Q 40. a8=Q {xc6,Nb8})
35. Bd1 Ke7 36. h5 Nf8 37. Bc2 Nd7 38. f4 Qd8 39. g4 Ke8 40. Kg3 Nf8 41. Qb2
Nd7 42. Bd3 (42. Qb7 $2 Qb8 43. Qxc6 Qb4 (43... Qb2 44. Qc8+ Ke7 45. c6 Qc3+
46. Bd3 (46. Kh4 Qe1+ $11) 46... Qxd3+ 47. Kh4 Nf8 $1 48. Qc7+ Ke8 49. Qb8+ Ke7
50. Qd6+ Ke8 51. c7 g5+ $1) 44. Qb5 $2 (44. Qc8+ $11) 44... Qxd4 $1 45. c6 Qe3+
46. Kh4 Qf2+ $5 47. Kh3 Qxc2 48. cxd7+ Kd8 $11) 42... Qb8 43. Qc3 Qd8 44. Kh3 {
a "pseudo zugszwang"} Kf8 $6 45. Qd2 {intending g5} f6 (45... Qb8 $2 46. Qxa5
Qb3 $2 47. Qd8#) 46. exf6 Qxf6 $2 (46... Nxf6 $1 47. Bg6 (47. Qe2 Qb8 48. g5
Qxf4 $1 (48... Ne4 49. Bxe4 dxe4 50. Qxe4 Qb3+ 51. Kg4) 49. gxf6 gxf6 50. Qg4 (
50. Qxe6 Qf3+ 51. Kh4 Qf4+ 52. Kh3 Qf3+ 53. Kh2 Qxd3 54. Qxf6+ Kg8 $11) (50.
Ba6 $5 Ke7) 50... Qxg4+ $3 51. Kxg4 Ke7 $11) (47. Qe3 Qb8 48. g5 $5 (48. Bg6
Ne4 {etc}) 48... Nxh5 $1 49. Kg4 Qe8 $8 50. Qe5 Kg8 $8 51. Qc7 $2 hxg5 $1 52.
fxg5 g6 {xKg4}) 47... Qb8 48. Qe3 Ne4 $1 49. Bxe4 (49. g5 $2 Qb1 $1) 49... dxe4
50. Qxe4 Qb3+ 51. Kh4 Qa2) 47. Bg6 (47. Qxa5 $2 Ke7 $1) 47... Qd8 $2 (47... Ke7
$8 48. Kg3 $16 (48. Kg2 Nf8 $4 (48... Qh4 $1) 49. g5 $1)) 48. Qe1 $1 $18 Ke7 (
48... Qf6 49. Qxa5 Ke7 50. Qd2) 49. Qh4+ $1 (49. f5 Qg8 50. Qxa5 Qb8) 49... Nf6
50. g5 hxg5 51. fxg5 Nd7 52. Qf4 Qf8 53. Qd6+ Kd8 54. Qxf8+ Nxf8 55. Bc2 $18
Ke7 56. Kg4 Kf7 57. Kf4 Nd7 58. Bg6+ Ke7 59. h6 Nf8 (59... gxh6 60. gxh6 Kf6 (
60... Kf8 61. Be8 $1 e5+ 62. Kf5 e4 63. Bxd7 e3 64. Kf6 e2 65. h7 e1=Q 66.
h8=Q#) 61. Bh5 $1 (61. Be8 $18) (61. h7 $2 Kg7 62. Be8 e5+ 63. Kf5 (63. dxe5
Nxc5) 63... e4 $1 64. Kf4 Nb8 $1 (64... Nf6 65. Bxc6 Kxh7 66. Bb5 $18)) 61...
Nf8 (61... e5+ 62. dxe5+ Nxe5 63. h7) (61... Nb8 62. Be8) 62. Be8 e5+ 63. dxe5+
Ke7 64. Bxc6 $18) 60. Bd3 g6 61. Ba6 Nh7 62. Bc8 Kf7 $6 (62... Nf8 63. Bb7 Kd7
64. Ke5 Nh7 65. Bxc6+ $1 $18) 63. Bd7 1-0

[Event "EU-Cup 10th Group1"]
[Site "Eupen"]
[Date "1994.??.??"]
[Round "2"]
[White "Huebner, Robert"]
[Black "Emms, John M"]
[Result "1/2-1/2"]
[WhiteElo "2605"]
[BlackElo "2535"]
[Annotator "Stohl,I"]
[PlyCount "101"]
[EventDate "1994.??.??"]
[EventType "team-k.o."]
[EventRounds "3"]
[EventCountry "BEL"]
[SourceTitle "EXT 2020"]
[Source "ChessBase"]
[SourceDate "2019.10.17"]
[SourceVersion "1"]
[SourceVersionDate "2019.10.17"]
[SourceQuality "1"]
[WhiteTeam "Muenchen Bayern"]
[BlackTeam "Invicta Knights Maidstone"]
[WhiteTeamCountry "GER"]
[BlackTeamCountry "ENG"]

1. d4 Nf6 2. Nf3 e6 3. g3 c5 4. Bg2 cxd4 5. Nxd4 Qb6 6. O-O (6. c4 Bc5 7. e3
Nc6 8. O-O $5 Nxd4 9. exd4 Bxd4 10. Nc3 {~= -A33}) 6... Nc6 7. Nb3 d5 8. N1d2 (
8. c4 dxc4 9. N3d2 Qa6 $5 10. Nc3 Bb4 11. a4 Bxc3 12. bxc3 O-O 13. Qc2 Bd7 14.
Qa2 Na5 15. Ba3 Rfc8 16. Rfe1 Nd5 17. Bb4 Nc6 18. Reb1 Ncxb4 19. cxb4 Nc3 20.
b5 Qb6 21. Nxc4 Qd4 {0-1,Wirthensohn,H-Lobron,E/Hamburg SKA/1991/}) 8... Be7 (
8... a5 $5 9. a4 e5 10. c4 d4 11. c5 Qa7 12. f4 $6 Be6 13. f5 Bd5 14. Bxd5 Nxd5
15. Ne4 Be7 16. e3 Nf6 17. Nxf6+ Bxf6 18. e4 Qa6 19. Rf3 h6 20. h4 Be7 21. Qf1
Qxf1+ 22. Kxf1 Kd7 23. Bd2 Rhc8 24. Rc1 Bd8 {~ Lugovoi,A-Solozhenkin,E/St.
Petersburg-chop/1992/}) 9. c4 O-O (9... d4 $6 10. Nf3 e5 11. e3 $36) 10. cxd5
Nxd5 (10... exd5 11. Nf3 Bg4 12. Be3 {+=}) 11. e4 (11. Nc4 Qa6 12. Ne3 Nxe3 13.
Bxe3 Rd8 {=}) 11... Ndb4 12. a3 (12. Qe2 Bd7 13. Nc4 Qa6 {=+}) 12... Nd3 (12...
Na6 $5 13. Nc4 Qb5 14. Ne3 Rd8 15. Qc2 Rd3 $1 16. Nd2 Nd4 17. Qb1 Ne2+ 18. Kh1
Nxc1 19. Qxc1 Bd7 20. Rd1 Rc8 21. Qb1 Rd4 22. Bf1 Qh5 23. Ndc4 Rxd1 24. Qxd1
Qxd1 25. Nxd1 Nc5 26. Nc3 Bc6 {=+ Paunovic,D-Brkljaca,A/Belgrade GMA-op/1988/})
13. Nc4 Qd8 $8 14. Qe2 e5 $1 15. Ne3 (15. Be3 $2 Be6 {-/+}) (15. Rd1 $5 Be6 $1
(15... Nxc1 16. Raxc1 Nd4 17. Nxd4 exd4 18. e5 $36) 16. Rxd3 (16. Ne3 Nxc1 17.
Raxc1 Qb6 {= -15.Ne3}) 16... Bxc4 17. Rxd8 Bxe2 {=}) 15... Nxc1 (15... Be6 16.
Nd5 Nxc1 17. Raxc1 Nd4 {=}) 16. Raxc1 Qb6 $1 17. Rc3 Be6 18. Nd5 Bxd5 19. exd5
Nd4 20. Nxd4 exd4 {=} 21. Rc4 Bf6 22. Rfc1 Rae8 23. Qd2 Re7 24. Bf3 g6 25. Kg2
Kg7 26. a4 Rd8 27. h4 (27. a5 Qd6 {=}) 27... h5 28. b4 a6 (28... Qd6 $5 29. a5
Rdd7 {/\Rc7=}) 29. a5 Qd6 30. Rc5 Red7 31. b5 axb5 32. Rxb5 $36 Qa3 33. Rcb1
Qc3 34. Qf4 Rd6 35. R1b3 (35. Rxb7 Qxa5 {=}) 35... Qa1 36. Be4 R8d7 37. Rf3 Rd8
38. Bd3 $138 {/\Rb6+-} (38. Rb6 $142) 38... Qe1 39. Be4 (39. Rb6 Rxb6 40. axb6
Qe5 {=}) 39... Qa1 40. Rb6 $5 Rxb6 41. axb6 d3 $8 42. Rxd3 (42. Bxd3 Rxd5 43.
Be4 Rd7 {=}) 42... Be5 43. Qe3 Rd6 44. Bf3 Qb2 45. Rb3 Qd4 {~=} 46. Qe2 (46.
Qxd4 Bxd4 {=}) (46. Be4 Qxe3 47. fxe3 Bf6 {=}) 46... Bf6 47. Qe3 (47. Qb5 Bd8 {
=}) 47... Qxe3 48. fxe3 Bd8 49. e4 Kf6 $1 (49... Rxb6 50. Rc3 $5) 50. g4 hxg4
51. Bxg4 (51. Bxg4 Bxb6 52. Bc8 Ke5 {=}) 1/2-1/2

[Event "Linares 13th"]
[Site "Linares"]
[Date "1995.03.07"]
[Round "6"]
[White "Sokolov, Ivan"]
[Black "Karpov, Anatoly"]
[Result "0-1"]
[WhiteElo "2645"]
[BlackElo "2780"]
[Annotator "Stohl,I"]
[PlyCount "90"]
[EventDate "1995.03.01"]
[EventType "tourn"]
[EventRounds "13"]
[EventCountry "ESP"]
[EventCategory "17"]
[SourceTitle "CBM 046"]
[Source "ChessBase"]
[SourceDate "1995.06.01"]
[SourceVersion "1"]
[SourceVersionDate "1995.06.01"]
[SourceQuality "1"]

1. d4 Nf6 2. Nf3 e6 3. Bg5 h6 4. Bh4 (4. Bxf6 Qxf6 5. e4 d6 {gives Black a
flexible position with the Bishop pair. This is sufficient com- pensation for
White's space advantage, the chances are about equal.} 6. c3 g6 7. a4 Bg7 8. a5
O-O 9. Nbd2 Nc6 10. a6 b6 11. Qa4 Nb8 12. Bb5 Qe7 13. O-O Bd7 14. d5 Bxb5 15.
Qxb5 c6 16. dxc6 Rc8 17. Rfd1 Rxc6 18. Nc4 Bf8 19. Qa4 Qc7 20. Na3 Qc8 21. Nb5
Nd7 22. Nfd4 Rc4 $132 {with strong counterplay,Dreev,A-Bellon,JM/URS-ESP tt/
1991/}) 4... c5 5. e3 cxd4 (5... b6 {leads to positions of a similar type.
However it is important to note that without the interpolation of h6 4...b6?!
would be weaker due to 5.d5! and White has pressure in the center.} 6. Nc3 (6.
d5 $2 g5) 6... cxd4 7. exd4 Bb7 8. Bd3 Be7 9. Bxf6 Bxf6 10. Ne4 Be7 11. O-O O-O
12. c3 d6 13. Bc2 Nd7 14. Qd3 g6 15. Rfe1 Re8 16. Rad1 Nf6 17. Ng3 Bf8 18. h4
Bg7 19. h5 g5 $10 {with a very solid position for Black, Rozentalis,
E-Vyzhmanavin,A/Leningrad ch-SU/1991}) 6. exd4 Be7 7. Bd3 O-O 8. c3 (8. O-O b6
9. c4 Bb7 10. Nc3 d5 $10) 8... b6 9. Qe2 Bb7 10. Nbd2 Nc6 (10... d6 11. Bxf6
Bxf6 12. O-O-O Nd7 13. Kb1 Re8 14. Ne4 Be7 15. g4 Nf6 16. Nxf6+ Bxf6 17. Be4
Bxe4+ 18. Qxe4 g6 19. h4 Bg7 20. g5 d5 21. Qd3 h5 22. Rhe1 Qb8 23. Ne5 Qb7 24.
Re3 b5 $15 {Wians,C-Anastasian,A/Capelle la Grande op/1991/, is also possible.
Black is be tter, as the Kingside is blockaded and only he has attacking
chances against White's King.}) 11. Bxf6 $5 (11. O-O Nd5 $10 {leads to an
equal an rather boring position. Sokolov's plan is much more ambi tious, but
Black by clever maneuvres neutralizes White's attacking plan.}) 11... Bxf6 12.
O-O-O g6 $1 13. h4 Bg7 14. Kb1 Ne7 $1 15. Ne4 (15. Be4 $5 {was better, White
underestimates the strength of Bb7. After} Bxe4+ (15... d5 $6 16. Bc2 {with
the idea Ne5,h5 White's attack gains momentum.Black can't leave a passive
Bishop on b7.}) (15... Nd5 $5 16. Ne5 {is also better for White, than in the
game.} (16. c4 $2 Nf4 17. Qf1 d5 $36)) 16. Nxe4 Nd5 $13 {with mutual chances.})
15... Nd5 {/\Nf4} 16. Qd2 (16. Bc2 Nf4 17. Qf1 f5 $15) 16... d6 17. Bc2 Rc8 $15
{Black is already better, as his attacking chances are more real, (a5,b5-b4)
also his pieces are more active.} 18. Rde1 Re8 19. Rh3 b5 20. h5 (20. g4 a5 $5
$36 (20... f5 21. gxf5 $8 exf5 22. Ng3 $15)) 20... f5 21. hxg6 $5 (21. Ng3 g5
$17 {/\g4,Nf4 is in the air, White's pieces are misplaced and Black has the
initiati ve on both flanks, so Sokolov decides to play vabanque.But Karpov is
accurate.}) 21... fxe4 22. Bxe4 Qf6 23. Nh2 (23. Rxh6 Bxh6 24. Qxh6 Qg7 $19)
23... b4 24. Ng4 (24. cxb4 Qxd4 25. Qxd4 Bxd4 26. Rxh6 Bxf2 $19) 24... Qg5 25.
Qxg5 hxg5 26. Nh6+ (26. cxb4 Rc4 $17) 26... Bxh6 27. Rxh6 Bc6 28. Rh7 (28. Reh1
Nf6 29. Bxc6 Rxc6 $19) 28... a5 29. c4 Nf4 $1 {The last relatively difficult
move. The rest is a matter of technique.} (29... Nf6 30. Bxc6 Rxc6 31. Rf7 $132
) 30. Bxc6 Rxc6 31. b3 d5 32. cxd5 Nxd5 33. Reh1 Rec8 $19 34. g4 R8c7 35. Rh8+
Kg7 36. R1h7+ Kf6 $1 (36... Kxg6 37. Rh6+ Kf7 38. R6h7+ $10) 37. Rh1 $8 (37.
Rf8+ Kxg6) 37... Nf4 38. Rf8+ Kxg6 39. Rg8+ Kf6 $1 (39... Rg7 40. Ra8) 40. Rf8+
(40. Rh6+ $2 Kf7 41. Rxg5 Rc1+ 42. Kb2 Nd3#) 40... Kg7 41. Rfh8 Ng6 42. Ra8 Rf7
43. Rxa5 Rf4 44. Rd1 (44. Rxg5 Rxd4 $19) 44... Kf6 45. Rb5 Ne7 $1 {><d4,f2,g4,/
\Nd5} 0-1